Normal view
MARC view
Entry Término temático
001 - NÚMERO DE CONTROL
- campo de control: 639
003 - IDENTIFICADOR DEL NÚMERO DE CONTROL
- campo de control: FranzMayer
005 - FECHA Y HORA DE LA ÚLTIMA TRANSACCIÓN
- campo de control: 20190320202916.0
008 - DATOS DE LONGITUD FIJA
- campo de control de longitud fija: 190320|| aca||aabn | a|a d
040 ## - FUENTE DE LA CATALOGACIÓN
- Centro catalogador/agencia de origen: FranzMayer
- Centro/agencia transcriptor: FranzMayer
150 ## - ENCABEZAMIENTO--TÉRMINO DE MATERIA
- Término de materia o nombre geográfico como elemento de entrada: Arquitectura
- Subdivisión general: Historia
- Subdivisión geográfica: México
670 ## - FUENTE DE DATOS ENCONTRADOS
- Cita de la fuente: Work cat.: (FranzMayer): 4000 [i. e. Cuatro mil] años de arquitectura mexicana = 4000 Years of Mexican Architecture = 4000 Ans D´Architecture Mexicaine = 4000 Jahren Architektor in Mexiko., [1956]